Linkin Park - Membres et anciens membres - Statistiques

Statistiques générales
  • Ce quiz a été pris 94 fois
  • Le résultat moyen est 7 sur 12
Statistiques - réponses
Instrument principal Années dans le groupe Nom % Correct
Chant 1999 - 2017 Chester Bennington
99%
Chant 2024 - ... Emily Armstrong
99%
Chant 1996 - ... Mike Shinoda
96%
DJ 1996 - ... Joe Hahn
84%
Basse 1996 - ... Dave « Phoenix » Farrell
79%
Batterie 1996 - 2017 Rob Bourdon
72%
Guitare 1996 - .... Brad Delson
71%
Batterie 2024 - ... Colin Brittain
68%
Chant 1996 - 1999 Mark Wakefield
39%
Basse 2000 - 2001 Scott Koziol
11%
Basse 1999 - 2000 Kyle Christener
10%
Guitare 1999 - 2000 Ian Hornbeck
4%
Aucun quiz correspondant
Distribution des résultats
% des personnes avec chaque résultat
Percentile par nombre de réponses
Votre historique - résultats
Vous n’avez pas pris ce quiz